Open Data Biblioteca Nacional de Portugal


República Portuguesa: Ministério da Cultura
Biblioteca Nacional de Portugal

Catálogo da BNP: acesso por Identificadores Unívocos
Registos Bibliográficos associados ao registo de autoridade

Etiqueta de registo: 00254nam 2200025 450
001 2259985
003 http://id.bnportugal.gov.pt/bib/catbnp/2259985
100 ## $a20260203d2025 k y0pory01030103ba
101 0# $apor$deng
102 ## $aPT
105 ## $aa m 000yy
106 ## $ar
200 1# $aNão estar - histórias de ausências$fLiliana Cristina Madeira Martins$gorient. Joana Rita Gomes Mendonça, Fernando José Pereira
210 #9 $aPorto$c[s.n.],$d2025
215 ## $a[2], 204, [1] p.$cil.$d30 cm
328 #1 $aTese dout. Artes Plásticas, Faculdade de Belas Artes, Universidade do Porto, 2025
675 ## $a738.04(043)$vBN$zpor$31988134
675 ## $a7.01(043)$vBN$zpor$31221252
700 #1 $aMartins,$bLiliana Cristina Madeira$31983248
702 #1 $aMendonça,$bJoana$4727$31681116
702 #1 $aPereira,$bFernando José,$f1961-$4727$3198485
801 #0 $aPT$bBN$gRPC
966 ## $lBN$mFGMON$sB.A. 53266 V.$x1
971 ## $cabrito$d20260203
972 ## $e0$z0$d20260306$vlrevez
973 ## $ctrodrigues$d20260302

OpendataBNP@bnportugal.pt | Mais informação sobre acesso aos dados BNP